Innovációs logisztikai folyamatok a gyártóipar területén
| Main Author: | |
|---|---|
| Other Authors: | |
| Format: | Thesis |
| Kulcsszavak: | készletek elemzése készletezés koronavírus-járvány (COVID-19) logisztika SAP |
| Online Access: | http://dolgozattar.uni-bge.hu/60400 |
MARC
| LEADER | 00000nta a2200000 i 4500 | ||
|---|---|---|---|
| 001 | dolg60400 | ||
| 005 | 20260409150531.0 | ||
| 008 | 260409suuuu hu om 000 hun d | ||
| 040 | |a BGE Dolgozattár Repozitórium |b hun | ||
| 041 | |a hu | ||
| 100 | 1 | |a Balázs Martin | |
| 245 | 1 | 0 | |a Innovációs logisztikai folyamatok a gyártóipar területén |c Balázs Martin |h [elektronikus dokumentum] |
| 520 | 3 | |a Ez a szakdolgozat az „Innovációs logisztikai folyamatok a gyártóipar területén” címet képviseli, hiszen elengedhetetlen egy olyan téma, amiben tanulok és dolgozok is egy olyan cégnél, mint a Robert Bosch Elektronika Gyártó Kft. Feltárásra kerül, hogy a pandémia okozta hirtelen készletfelvásárlás miféle problémákat okozott a globális piac és cég számára. Célom, hogy választ adjak azokra a kutatási kérdésekre, hogy a Bosch milyen veszteségeket szenvedett el a COVID-19 pandémia miatt és hogyan találja meg a kiutat. A vállalat túlkészletezéssel küzd lassan öt éve és még mindig nem lábalt ki belőle, ezt pedig nem segíti a dokumentálás lassított folyamata. A második kérdéskör arra fog irányulni, hogy milyen szerepet játszik az SAP rendszer a Bosch vállalatnál, hogyan segíti az operatív és a speciális készletezés folyamatát, illetve milyen nehézségeket okoz a legújabb S4/HANA SAP rendszerre való átállás? A megfogalmazódott kérdésekre fogom kutatni a választ ebben a szakdolgozatban. | |
| 695 | |a készletek elemzése | ||
| 695 | |a készletezés | ||
| 695 | |a koronavírus-járvány (COVID-19) | ||
| 695 | |a logisztika | ||
| 695 | |a SAP | ||
| 700 | 1 | |a Keresztes Dr. Éva Réka |e ths | |
| 856 | 4 | 0 | |u http://dolgozattar.uni-bge.hu/60400/1/Szakdolgozat.pdf |z Dokumentum-elérés |
| 856 | 4 | 0 | |u http://dolgozattar.uni-bge.hu/60400/2/Nyilatkozat.pdf |z Dokumentum-elérés |
| 856 | 4 | 0 | |u http://dolgozattar.uni-bge.hu/60400/3/biralatilap_alap_mester%20Bal%C3%A1zs%20Martin.pdf |z Dokumentum-elérés |